000 00501nam a2200205Ia 4500
003 OSt
005 20220926044339.0
006 a|||||r|||| 00| 0
007 ta
008 220923b |||||||| |||| 00| 0 eng d
037 _cGeneral Book
040 _aRTL
_cRTL
_beng
041 _2eng
_aeng
082 _aV41,1x, J5.1
100 _aMao Tse-Tung
245 0 _aSelected works. V 1
260 _c1955
942 _hV41,1x, J5.1
_cGB
_2CC
999 _c674619
_d674619